• 首页
  • 本馆介绍
  • 公告通知
  • 最新文献
  • 馆藏检索
  • 电子资源
  • 读者导购
  • 参考咨询
  • 我的图书馆
  • 登录
  • 详细信息显示
  • 放入我的书架
  • 预约/预借图书
  • 作者相关作品
  • 分类相关作品
  • 丛书相关作品
  • 出版社相关作品

书目信息

  • 表格格式
  • 工作单格式
  • 卡片格式
题名:
盖世太保枪口下的中国女人
    
 
作者: 张雅文 著
分册:  
出版信息: 北京   人民文学出版社  2002
页数: 425页
开本: 21cm
丛书名:
单 册:
中图分类: I247.54 , I247.5
科图分类:
主题词: 长篇小说--中国--现代 , 长篇小说
电子资源:
ISBN: 7-02-003778-X
000 00766nam0 2200241 450
001 1561694886
005 20170926135215.82
010    @a7-02-003778-X@dCNY22.80
100    @a20020401d2002 em y0chiy0110 ea
101 0  @achi
102    @aCN@b110000
105    @aa z 000ay
200 1  @a盖世太保枪口下的中国女人@9gai shi tai bao qiang kou xia de zhong guo nv ren@f张雅文著
210    @a北京@c人民文学出版社@d2002
215    @a425页@c照片@d21cm
314    @a张雅文(女,1944),生于辽宁开原,国家一级作家,黑龙江省作协副主席,著有《趟过男人河的女人》等。
606 0  @a长篇小说@y中国@z现代
606 0  @a长篇小说
690    @aI247.54@v5
690    @aI247.5@v4
701  0 @a张雅文@9zhang ya wen@4著
801  0 @aCN@bTSSF@c20150115
905    @aZUCC@dI247.5@eJY191
    
    盖世太保枪口下的中国女人/张雅文著.-北京:人民文学出版社,2002
    425页:照片;21cm
    
    
    ISBN 7-02-003778-X:CNY22.80
    
●
相关链接 在E读中查询图书 在五车中查询图书 在当当中查询图书 在豆瓣中查询图书


正题名:盖世太保枪口下的中国女人     索取号:I247.5/JY191         预约/预借

序号 登录号 条形码 馆藏地/架位号 状态 备注
1 7850752   278507527   学院路分馆/ [索取号:I247.5/JY191] 在馆    
唐山师范学院图书馆 欢迎您!
大连网信软件有限公司© 版权所有